01009nam a2200181 a 450000100100000000500170001000800410002704000250006811000620009324500890015526000820024430000280032695201200035495201200047495201050059495201110069999900170081000003778120201002031119.0130306s19uu dr a 000 0 spa d aDO-SdBNPbspacBNPHU1 aCentro de Información Cientifica y Tecnológica96423910aManual para el cultivo de peces ornamentales :bdivisión de recursos bioacuaticos. aSanto Domingo :bCentro de Información Cientifica y Tecnológica,c[19-?]. a27 p. :bils. ;c22 cm. 001154708DSaGRbGRcMId2013-06-12iLF1l0o p37781-30r2020-06-25te. 3w2020-06-25yLFDSZPréstamo en sala 001154708DSaGRbGRcMId2013-09-09iLF1l0o p37781-40r2020-06-25te. 4w2020-06-25yLFDSZPréstamo en sala 0010718PDaPDbPDcHDd2013-03-06iLF1l0o p37781-10r2020-06-25w2020-06-25yLFPDZNo se presta 0010718PDaPDbPDcHDd2013-06-12iLF1l0o p37781-20r2020-06-25te. 2w2020-06-25yLFPDZNo se presta c37271d37271